| 000 | 00575nam a2200241 a 4500 | ||
|---|---|---|---|
| 001 | nice12345678 | ||
| 003 | IN_TiNIC | ||
| 005 | 20260116012633.0 | ||
| 008 | 050524s1955 cala grp 000 0 eng | ||
| 020 |
_a _c100 |
||
| 082 | 0 | 0 |
_a266.00954 _bASI |
| 100 | _aAsirvatham, Eddy | ||
| 245 | _aChristianity in the Indian Crucible. | ||
| 260 |
_aCalcutta _bYMCA _c1955 |
||
| 300 | _a244p | ||
| 500 | _aincludes index and biblioraphy | ||
| 505 | 2 | _aIndex | |
| 650 | _aMissions-India | ||
| 700 | 1 | _aAsirvatham, Eddy | |
| 902 | _bSRS | ||
| 942 | _cBK | ||
| 999 |
_c7750 _d7750 |
||